Представление документа в формате RUSMARC

ПолеНазваниеЗначение
  Тип записи a
  Библиографический уровень m
001 Контрольный номер RU/REG73/CBS_GRAD/8653d465f0ff49cfb1d91c4bab952cca
005 Дата корректировки 20260416111533.7
010 Индекс ISBN __
a ISBN 5-85050-117-7
b Уточнения в пер.
100 Данные общей обработки __
a Данные общей обработки 20260416d1996 u y0rusy0189## ca
101 Язык документа 0_
a Язык текста rus
102 Страна публикации __
a Страна публикации RU
105 Кодированные данные (монография) __
a Кодированные данные (монография) a z 000yy
200 Заглавие и сведения об ответственности 1_
a Заглавие Валентин Серов
f Первые сведения об ответственности Екатерина Алленова
g Последующие сведения об ответственности редактор Н. Борисовская
203 Вид содержания и тип средства __
a Вид содержания Текст
b Характеристика содержания визуальный
c Тип средства непосредственный
210 Выходные данные 1_
a Место издания Москва
c Издательство СЛОВО/SLOVO
d Дата издания 1996
215 Физическое описание __
a Объем 96 с.
c Иллюстрации/тип воспроизводства ил.
d Формат 28 см
225 Серия 1_
a Серия Картинная галерея
300 Общие примечания __
a Общие примечания На тит. листе: Автопортрет. 1885
320 Библиография __
a Библиография Библиогр. в примеч.
606 Тематические рубрики 0_
a Основная рубрика Живопись России
610 Ключевые слова 0_
a Ключевые слова русские живописцы; русские художники 19-20 вв.; портретная живопись русская
686 Индексы других классификаций __
a Классификационный индекс 85.143(2)
2 Код системы rubbk
700 Автор _1
a Фамилия Алленова
b Имя (инициалы) Е.
g Полное личное имя Екатерина
702 Вторичная интеллектуальная ответственность _1
a Фамилия Борисовская
b Имя (инициалы) Н. А.
4 Код отношения 340
801 Источник записи _0
a Страна RU
b Организация RuCBSGrad
c Дата составления 20260416
g Правила каталогизации RCR
801 Источник записи _1
a Страна RU
b Организация RuCBSGrad
c Дата составления 20260416
g Правила каталогизации RCR
852 Данные о местонахождении __
a Наименование организации МБУК "ЦБС г.Димитровграда"
i Авторский знак А 50
z Тип записи R
901 Тип документа __
t Тип документа m
909 Создатель записи __
a Создатель записи Гонюкова
b Дата создания записи 20260416